000 00538nam a2200205Ia 4500
008 170918s9999 xx 000 0 und d
020 _a9780545663533
050 _bS559 1972
100 _aShowers, Paul
245 _aSleep is for everyone /
245 _cPaul Showers ; illustratede by Wendy Watson.
260 _aNew York :
260 _bScholastic,
260 _c1972
300 _aunpaged :
300 _bcolored illustration ;
300 _c21cm.
440 _aLet's-read-and-find-out science, stage 1.
500 _a480
999 _c341345
_d341345